000 00539nam a2200169 a 4500
001 000042077
005 20201002035926.0
008 131112s2013 dr a 000 0 spa d
020 _a9789945008401
040 _aDO-SdBNP
_bspa
_cBNPHU
082 _axxx
_bxxx
100 1 _aSosa, Diego A.
_969071
245 1 0 _aMigomismo. :
_bsu inteligencia emocional interna /
_cDiego A. Sosa.
260 _aSanto Domingo, :
_bBúho,
_c2013.
300 _a168 p. :
_bil. ;
_c23 cm.
500 _aIncluye datos biografícos del autor en la solapa de la portada
999 _c41566
_d41566